000 00641nam a2200229Ia 4500
003 OSt
005 20221007074909.0
006 a|||||r|||| 00| 0
007 ta
008 221006b |||||||| |||| 00| 0 eng d
024 _a13,668
037 _cTextual
040 _aFLL
_cFLL
_beng
041 _2eng
_aeng
082 _aWxL70, K8
100 _aMehta V.R.
245 0 _aHegel and the modern state
_b An introduction to Hegel's political thought
260 _aNew Delhi
_bAssociated Publishing House India
_c1968
300 _a144p
_ccm.
942 _hWxL70, K8
_cTEXL
_2CC
999 _c1154069
_d1154069